The order of things : (Record no. 8695)

MARC details
000 -LEADER
fixed length control field 01425cam a2200325 a 4500
001 - CONTROL NUMBER
control field 3525523
003 - CONTROL NUMBER IDENTIFIER
control field OSt
005 - DATE AND TIME OF LATEST TRANSACTION
control field 20240621121433.0
008 - FIXED-LENGTH DATA ELEMENTS--GENERAL INFORMATION
fixed length control field 960812s1997 nyua bf 001 0 eng
010 ## - LIBRARY OF CONGRESS CONTROL NUMBER
LC control number 96031066
020 ## - INTERNATIONAL STANDARD BOOK NUMBER
International Standard Book Number 0679444785
040 ## - CATALOGING SOURCE
Original cataloging agency MUST LIB
Transcribing agency MUST
Modifying agency MUST
050 00 - LIBRARY OF CONGRESS CALL NUMBER
Classification number AG105
Item number .K57 1997
082 00 - DEWEY DECIMAL CLASSIFICATION NUMBER
Classification number 117
Edition number 20
Item number ANN
100 1# - MAIN ENTRY--PERSONAL NAME
Personal name Kipfer, Barbara Ann.
9 (RLIN) 17577
245 14 - TITLE STATEMENT
Title The order of things :
Remainder of title how everything in the world is organized-- into hierarchies, structures, & pecking orders /
Statement of responsibility, etc. Barbara Ann Kipfer.
250 ## - EDITION STATEMENT
Edition statement 1st ed.
260 ## - PUBLICATION, DISTRIBUTION, ETC. (IMPRINT)
Place of publication, distribution, etc. New York :
Name of publisher, distributor, etc. Random House,
Date of publication, distribution, etc. c1997.
300 ## - PHYSICAL DESCRIPTION
Extent xxv, 389 p. :
Other physical details ill. ;
Dimensions 24 cm.
504 ## - BIBLIOGRAPHY, ETC. NOTE
Bibliography, etc Includes bibliographical references (p. 377-380) and index.
650 #0 - SUBJECT ADDED ENTRY--TOPICAL TERM
Topical term or geographic name as entry element Handbooks, vade-mecums, etc.
9 (RLIN) 17578
650 #0 - SUBJECT ADDED ENTRY--TOPICAL TERM
Topical term or geographic name as entry element Order
General subdivision Miscellanea
-- Handbooks, manuals, etc.
9 (RLIN) 17579
650 #0 - SUBJECT ADDED ENTRY--TOPICAL TERM
Topical term or geographic name as entry element Classification
General subdivision Miscellanea
-- Handbooks, manuals, etc.
9 (RLIN) 17580
650 #0 - SUBJECT ADDED ENTRY--TOPICAL TERM
Topical term or geographic name as entry element Knowledge, Sociology of
General subdivision Miscellanea
-- Handbooks, manuals, etc.
9 (RLIN) 17581
856 42 - ELECTRONIC LOCATION AND ACCESS
Materials specified Contributor biographical information
Uniform Resource Identifier http://www.loc.gov/catdir/bios/random057/96031066.html
856 42 - ELECTRONIC LOCATION AND ACCESS
Materials specified Publisher description
Uniform Resource Identifier http://www.loc.gov/catdir/description/random049/96031066.html
906 ## - LOCAL DATA ELEMENT F, LDF (RLIN)
a 7
b cbc
c orignew
d 1
e ocip
f 19
g y-gencatlg
942 ## - ADDED ENTRY ELEMENTS (KOHA)
Source of classification or shelving scheme Dewey Decimal Classification
Koha item type Open Shelf
Holdings
Withdrawn status Lost status Source of classification or shelving scheme Damaged status Not for loan Home library Current library Date acquired Source of acquisition Inventory number Total Checkouts Full call number Barcode Date last seen Price effective from Koha item type
    Dewey Decimal Classification     MUST Main Library MUST Main Library 21/06/2024 Purchase 03/20172   117 ANN 2024-20995 21/06/2024 21/06/2024 Open Shelf